000 00364nam a22001457a 4500
999 _c4824
_d4824
008 200902b ||||| |||| 00| 0 eng d
082 0 0 _a533.13
_bJ541
100 _92610
_aJennings, B. H.
245 1 0 _aGas dynamics
_cby B. H. Jennings
260 _aNew York
_bMcGraw-Hill
_c1958
300 _axiii, 296 p.
365 _d62.50
650 0 _aGas dynamics
942 _cBK